000 00969nam a22003377a 4500
001 BR9210889
003 BR-BrBNA
005 20230928093736.0
007 ta
008 230509b bl.||||| |||| 00| 0 por d
040 _aBR-BrBNA
_bpor
_cBiblioteca Nacional de Agricultura
041 _a(Por)
072 _aF01; L02
_b1900
_b5212
090 _ 1900 BR9210889
100 1 _aSanchez, P.A.
100 1 _aTergas, L.E.
100 1 _aSerrao, E.A.S.
110 1 _aCentro Internacional de Agricultura Tropical, Cali (Colombia)
_91696
110 1 _aEmpresa Brasileira de Pesquisa Agropecuaria, Brasilia, DF (Brasil)
245 1 _aProducao de pastagens em solos acidos dos tropicos
260 3 _aBrasilia, DF (Brasil):
_c1982.
300 _a528 p.
650 _aPastagem
650 _aPlanta Forrageira
650 _aAdubacao
650 _aSemente
650 _aBovino
650 _aNutricao Animal
909 _a202309
_bLucia
_c55
_dLucia Elande
942 _cBK
999 _c46825
_d46825